[Event "10th EUR-ch (w)"]
[Site "Sankt Petersburg RUS"]
[Date "2009.03.13"]
[Round "6"]
[White "Yakovich, Yulia"]
[Black "Eidelson, Rakhil"]
[Result "0-1"]
[WhiteElo "2125"]
[BlackElo "2225"]
[EventDate "2009.03.08"]
[PlyCount "66"]

1.e4 c6 2.d4 g6 3.Nc3 Bg7 4.f4 d6 5.Be3 b5 6.Bd3 e5 7.Nf3 Bg4 8.dxe5 dxe5 
9.O-O Nd7 10.h3 Bxf3 11.Qxf3 Ngf6 12.Rad1 Qe7 13.Kh1 exf4 14.Bxf4 Ne5 15.
Qf2 h6 16.Qd4 Nh5 17.Nxb5 O-O 18.Nc3 Nxf4 19.Rxf4 Rab8 20.Be2 Qg5 21.Rff1 
Ng4 22.Qxa7 Ne3 23.Bg4 Be5 24.Ne2 Nxg4 25.Rf3 Nf6 26.b3 Nxe4 27.Qa4 Nf6 
28.Rdf1 Rbd8 29.Qc4 Nd5 30.h4 Qe7 31.h5 g5 32.Qxc6 g4 33.Rxf7 Qh4+ 0-1

[Event "10th EUR-ch (w)"]
[Site "Sankt Petersburg RUS"]
[Date "2009.03.13"]
[Round "6"]
[White "Gorbatenko, Kateryna"]
[Black "Bogumil, Tatiana"]
[Result "1/2-1/2"]
[WhiteElo "2071"]
[BlackElo "2218"]
[EventDate "2009.03.08"]
[PlyCount "55"]

1.Nf3 Nf6 2.c4 g6 3.Nc3 Bg7 4.e4 d6 5.d4 O-O 6.Be2 Nbd7 7.Bg5 h6 8.Bh4 Nh7
9.O-O c5 10.Re1 cxd4 11.Nxd4 Ne5 12.Qd2 Nc6 13.Nb3 b6 14.f4 Be6 15.Nd5 Rc8
16.Rad1 Qd7 17.e5 g5 18.fxg5 hxg5 19.Bxg5 Bxe5 20.Bd3 Bg7 21.Bh6 Ne5 22.
Bxh7+ Kxh7 23.Bxg7 Kxg7 24.Rxe5 dxe5 25.Qg5+ Kh7 26.Qh5+ Kg7 27.Rd3 Bf5 
28.Rh3 1/2-1/2

[Event "10th EUR-ch (w)"]
[Site "Sankt Petersburg RUS"]
[Date "2009.03.13"]
[Round "6"]
[White "Limontaite, Simona"]
[Black "Abuladze, Lana"]
[Result "1-0"]
[WhiteElo "2206"]
[BlackElo "2029"]
[EventDate "2009.03.08"]
[PlyCount "51"]

1.d4 Nf6 2.c4 g6 3.Nc3 d5 4.cxd5 Nxd5 5.Bd2 Bg7 6.e4 Nb6 7.Be3 O-O 8.Be2 
Nc6 9.Nf3 Bg4 10.d5 Bxf3 11.gxf3 Na5 12.Bd4 Qd6 13.Rc1 a6 14.Bxg7 Kxg7 15.
Qd2 Qf6 16.Nd1 Nac4 17.Bxc4 Qxf3 18.Qc3+ Qxc3+ 19.Rxc3 f5 20.Bb3 Rac8 21.
h4 fxe4 22.h5 Rf3 23.hxg6 hxg6 24.Rh4 Rf6 25.Rxe4 Rd8 26.Rxe7+ 1-0

[Event "10th EUR-ch (w)"]
[Site "Sankt Petersburg RUS"]
[Date "2009.03.13"]
[Round "6"]
[White "Korchagina, Viktoria"]
[Black "Zizlova, Sofia"]
[Result "1-0"]
[WhiteElo "2187"]
[BlackElo "2020"]
[EventDate "2009.03.08"]
[PlyCount "63"]

1.e4 c5 2.Nf3 d6 3.d4 cxd4 4.Nxd4 Nf6 5.Nc3 g6 6.Be3 Bg7 7.f3 Nc6 8.Qd2 
Bd7 9.O-O-O Rc8 10.Kb1 Ne5 11.g4 h5 12.g5 Nh7 13.f4 Nc4 14.Bxc4 Rxc4 15.f5
Qa5 16.Nb3 Qb4 17.f6 Nxf6 18.gxf6 Bxf6 19.Rhf1 Be5 20.Qf2 Bxc3 21.bxc3 Qb5
22.Qxf7+ Kd8 23.e5 Rxc3 24.Bd4 Rc6 25.e6 Qc4 26.Qf2 Bxe6 27.Bxh8 Bf5 28.
Rd2 Rb6 29.Bb2 Ra6 30.Qf3 Qa4 31.a3 Be4 32.Qf8+ 1-0

[Event "10th EUR-ch (w)"]
[Site "Sankt Petersburg RUS"]
[Date "2009.03.13"]
[Round "6"]
[White "Zainullina, Natalia"]
[Black "Petrukhina, Irina"]
[Result "1/2-1/2"]
[WhiteElo "2173"]
[BlackElo "1905"]
[EventDate "2009.03.08"]
[PlyCount "55"]

1.e4 c5 2.Nc3 Nc6 3.g3 g6 4.Bg2 Bg7 5.d3 Rb8 6.Be3 b5 7.Qd2 b4 8.Nd1 d6 9.
f4 e6 10.Nf3 Nge7 11.O-O O-O 12.c3 Qb6 13.Re1 f5 14.Bf2 Rd8 15.Qc2 Qb5 16.
Bf1 bxc3 17.bxc3 Qa5 18.Nd2 Qc7 19.Ne3 Ba6 20.Rab1 Qa5 21.Rxb8 Rxb8 22.Rc1
fxe4 23.Nxe4 d5 24.Ng5 Bc8 25.Bh3 Nf5 26.Nd1 h6 27.Nf3 Qa3 28.Bf1 1/2-1/2

[Event "10th EUR-ch (w)"]
[Site "Sankt Petersburg RUS"]
[Date "2009.03.13"]
[Round "6"]
[White "Bezgodova, Maria"]
[Black "Kuzevanova, Evgenia"]
[Result "1/2-1/2"]
[WhiteElo "2101"]
[BlackElo "2131"]
[EventDate "2009.03.08"]
[PlyCount "97"]

1.e4 c5 2.Nf3 Nc6 3.d4 cxd4 4.Nxd4 e5 5.Nf5 d5 6.Qxd5 Qxd5 7.exd5 Bxf5 8.
dxc6 bxc6 9.Bd3 Be6 10.Nc3 Nf6 11.Bg5 Nd5 12.Nxd5 cxd5 13.Bb5+ Bd7 14.
Bxd7+ Kxd7 15.O-O-O Ke6 16.Rhe1 f6 17.Be3 Be7 18.f4 Rhd8 19.Bd4 e4 20.Kb1 
f5 21.Re3 g5 22.Rh3 gxf4 23.Rh6+ Kf7 24.Rxh7+ Ke6 25.Rh6+ Kf7 26.Rf1 Bd6 
27.Rf6+ Ke7 28.Rxf5 Rg8 29.Rg1 Ke6 30.Rf6+ Ke7 31.c3 a5 32.Rf5 Ke6 33.Rh5 
Raf8 34.Rh6+ Ke7 35.Rh5 Ke6 36.Kc2 Rf5 37.Rxf5 Kxf5 38.Kd2 Be5 39.Bxe5 
Kxe5 40.g3 fxg3 41.Rxg3 Rh8 42.Rg2 d4 43.cxd4+ Kxd4 44.Re2 Rh3 45.Kc2 e3 
46.Rg2 Ke4 47.Kd1 Kd3 48.Rc2 Rh7 49.Rg2 1/2-1/2

[Event "10th EUR-ch (w)"]
[Site "Sankt Petersburg RUS"]
[Date "2009.03.13"]
[Round "6"]
[White "Azimova, Karina"]
[Black "Baciu, Diana"]
[Result "0-1"]
[WhiteElo "1940"]
[BlackElo "2107"]
[EventDate "2009.03.08"]
[PlyCount "74"]

1.e4 c5 2.Nf3 Nc6 3.d4 cxd4 4.Nxd4 Nf6 5.Nc3 e5 6.Ndb5 d6 7.Bg5 a6 8.Na3 
b5 9.Nd5 Be7 10.Bxf6 Bxf6 11.c3 Bg5 12.Nc2 Rb8 13.Bd3 Be6 14.Nce3 O-O 15.
O-O Bxe3 16.Nxe3 a5 17.Qe2 Qb6 18.Kh1 Ne7 19.f4 exf4 20.Nd5 Bxd5 21.exd5 
Ng6 22.Bxg6 fxg6 23.Qe6+ Kh8 24.Rae1 Qd8 25.Qg4 g5 26.Re6 Rb7 27.Rfe1 Rbf7
28.Qe2 Qd7 29.Qh5 h6 30.Qg6 f3 31.gxf3 Rxf3 32.Qe4 Qf7 33.Qe2 Qf5 34.Rd1 
Rf2 35.Qd3 Qf4 36.Qh3 g4 37.Qg3 Rf1+ 0-1

[Event "10th EUR-ch (w)"]
[Site "Sankt Petersburg RUS"]
[Date "2009.03.13"]
[Round "6"]
[White "Papadopoulou, Vera"]
[Black "Grigorieva, Olga"]
[Result "1-0"]
[WhiteElo "2190"]
[BlackElo "2016"]
[EventDate "2009.03.08"]
[PlyCount "77"]

1.d4 d5 2.c4 e6 3.Nc3 c6 4.e3 f5 5.b3 Bd6 6.Bb2 Nf6 7.g3 O-O 8.Bg2 Bd7 9.
Nf3 Be8 10.O-O Nbd7 11.Qc1 Qe7 12.a4 Ne4 13.Ne2 g5 14.Ne5 Bh5 15.f3 Nef6 
16.e4 fxe4 17.Qxg5+ Qg7 18.Qxg7+ Kxg7 19.Nf4 exf3 20.Bh3 f2+ 21.Rxf2 Bf7 
22.Bxe6 Ne4 23.Bxd7 Nxf2 24.Kxf2 Bg8 25.Kg2 Rad8 26.c5 Bb8 27.Re1 Kh6 28.
Bc1 Kg7 29.Nh5+ Kh8 30.Bh6 Bxe5 31.dxe5 Bf7 32.e6 Bxh5 33.e7 Rg8 34.exd8=Q
Rxd8 35.Re7 d4 36.Bg7+ Kg8 37.Be6+ Bf7 38.Rxf7 Re8 39.Re7# 1-0

[Event "10th EUR-ch (w)"]
[Site "Sankt Petersburg RUS"]
[Date "2009.03.13"]
[Round "6"]
[White "Kluchik, Yulia"]
[Black "Ryanova, Valeria"]
[Result "1/2-1/2"]
[WhiteElo "1953"]
[BlackElo "2113"]
[EventDate "2009.03.08"]
[PlyCount "96"]

1.d4 Nf6 2.c4 g6 3.Nc3 Bg7 4.e4 d6 5.Be2 O-O 6.f4 c5 7.d5 e6 8.Nf3 exd5 9.
cxd5 Re8 10.Qc2 Bd7 11.a4 Na6 12.Bxa6 bxa6 13.O-O Rb8 14.Qd3 Qa5 15.Nd2 
Rb4 16.Nc4 Qc7 17.Bd2 Ng4 18.e5 dxe5 19.d6 Qb8 20.Nd5 e4 21.Qe2 Rxc4 22.
Qxc4 Bd4+ 23.Kh1 Qxd6 24.h3 Be6 25.hxg4 Bxd5 26.Qe2 Bxb2 27.Rab1 Bd4 28.
Be3 Qc6 29.a5 Qa4 30.Qf2 Bc6 31.f5 Bxe3 32.Qxe3 Qd4 33.Qh6 Qg7 34.Qf4 gxf5
35.gxf5 e3 36.Rg1 Bb5 37.Rb3 Qd4 38.Qg5+ Qg7 39.Qf4 Qe5 40.Qg5+ Kh8 41.Re1
e2 42.Rg3 Rf8 43.Qh6 Rg8 44.Rxg8+ Kxg8 45.Qg5+ Kh8 46.Qd8+ Kg7 47.Qg5+ Kh8
48.Qd8+ Kg7 1/2-1/2

[Event "10th EUR-ch (w)"]
[Site "Sankt Petersburg RUS"]
[Date "2009.03.13"]
[Round "6"]
[White "Makka, Evanthia"]
[Black "Goriachkina, Alexandra"]
[Result "1-0"]
[WhiteElo "2110"]
[BlackElo "2020"]
[EventDate "2009.03.08"]
[PlyCount "51"]

1.e4 c5 2.Nf3 e6 3.d4 cxd4 4.Nxd4 Nf6 5.Nc3 d6 6.Be2 a6 7.f4 Qc7 8.Bf3 
Nbd7 9.O-O Rb8 10.a4 Nb6 11.Kh1 Be7 12.Qe1 O-O 13.Qg3 Nc4 14.Re1 Nd7 15.e5
Rd8 16.Nd5 exd5 17.Nf5 g6 18.Nxe7+ Kg7 19.Nxd5 Qc5 20.b3 Ncb6 21.Be3 Qxc2 
22.Nxb6 Qxb3 23.Nxd7 Bxd7 24.Bd4 Kg8 25.exd6 Bxa4 26.Qh4 1-0

[Event "10th EUR-ch (w)"]
[Site "Sankt Petersburg RUS"]
[Date "2009.03.13"]
[Round "6"]
[White "Sokolova, Vera"]
[Black "Efremova, Daria"]
[Result "1/2-1/2"]
[WhiteElo "2084"]
[BlackElo "1910"]
[EventDate "2009.03.08"]
[PlyCount "79"]

1.e4 e6 2.d4 d5 3.e5 c5 4.c3 Nc6 5.Nf3 Qb6 6.a3 Nh6 7.b4 cxd4 8.cxd4 Nf5 
9.Bb2 Bd7 10.g4 Nfe7 11.Nc3 Na5 12.Na4 Bxa4 13.Qxa4+ Nac6 14.Bc3 Rc8 15.
Be2 Ng6 16.Bd2 a6 17.O-O Be7 18.Rab1 O-O 19.b5 axb5 20.Rxb5 Qa6 21.Qxa6 
bxa6 22.Rb3 f6 23.exf6 Bxf6 24.Bxa6 Rb8 25.Rxb8 Rxb8 26.Be3 Rb3 27.Rc1 Rb6
28.Be2 h6 29.a4 Nge7 30.Bb5 Na7 31.Bd7 Kf7 32.Ne5+ Bxe5 33.dxe5 Rb7 34.
Bxa7 Rxa7 35.Bb5 Ng6 36.Re1 Nf4 37.h4 g5 38.hxg5 hxg5 39.Rc1 Ng6 40.Re1 
1/2-1/2

[Event "10th EUR-ch (w)"]
[Site "Sankt Petersburg RUS"]
[Date "2009.03.13"]
[Round "6"]
[White "Malinicheva, Lidia"]
[Black "Kiseleva, Arina"]
[Result "1-0"]
[WhiteElo "2068"]
[BlackElo "1830"]
[EventDate "2009.03.08"]
[PlyCount "89"]

1.c4 Nf6 2.Nc3 e6 3.g3 d5 4.Bg2 Be7 5.d4 c6 6.Nf3 Nbd7 7.cxd5 exd5 8.O-O 
O-O 9.Ne5 Nb6 10.a4 a5 11.h3 Re8 12.b3 Nfd7 13.f4 f6 14.Nd3 f5 15.e3 Nf6 
16.Ne5 Ne4 17.Bb2 Nxg3 18.Rf2 Be6 19.Bf3 Ne4 20.Rg2 Bb4 21.Rc1 Qh4 22.Qf1 
Kh8 23.Kh2 g5 24.Bxe4 dxe4 25.d5 g4 26.Rg3 cxd5 27.Nxd5 Qxg3+ 28.Kxg3 Nxd5
29.hxg4 Kg8 30.Qe2 Rac8 31.Rxc8 Rxc8 32.gxf5 Bxf5 33.Nc4 Bc5 34.Qh5 Ne7 
35.Qg5+ Kf8 36.Bf6 Bg6 37.Qe5 Bf7 38.Bxe7+ Bxe7 39.Qf5 Rc5 40.Ne5 Ke8 41.
Qxf7+ Kd8 42.Qe6 Ke8 43.Qg8+ Bf8 44.Qf7+ Kd8 45.Qd7# 1-0

[Event "10th EUR-ch (w)"]
[Site "Sankt Petersburg RUS"]
[Date "2009.03.13"]
[Round "6"]
[White "Stiazhkina, Anna"]
[Black "Ikonomopoulou, Maria"]
[Result "1-0"]
[WhiteElo "1926"]
[BlackElo "2052"]
[EventDate "2009.03.08"]
[PlyCount "63"]

1.c4 c5 2.Nc3 Nf6 3.Nf3 Nc6 4.e4 e5 5.Be2 d6 6.O-O Be7 7.d3 h6 8.Ne1 O-O 
9.f4 exf4 10.Bxf4 Be6 11.Nc2 a6 12.Kh1 Nd4 13.Ne3 Qc7 14.Qe1 Kh7 15.Bf3 
Rab8 16.Ne2 Nxe2 17.Qxe2 b5 18.b3 Nd7 19.Bg4 Bf6 20.Rad1 Be5 21.Bf5+ Kh8 
22.Qh5 Bxf4 23.Rxf4 d5 24.Rdf1 Nf6 25.Qh3 dxe4 26.dxe4 Qe7 27.Rh4 Kg8 28.
Rf3 Bxf5 29.Nxf5 Qe6 30.Nxh6+ Kh7 31.Nf5+ Kg6 32.Rh6+ 1-0

[Event "10th EUR-ch (w)"]
[Site "Sankt Petersburg RUS"]
[Date "2009.03.13"]
[Round "6"]
[White "Tskhadadze, Anna"]
[Black "Chetina, Elizaveta"]
[Result "1-0"]
[WhiteElo "1821"]
[BlackElo "1646"]
[EventDate "2009.03.08"]
[PlyCount "73"]

1.d4 Nf6 2.c4 e6 3.Nc3 d5 4.Bg5 Nbd7 5.e3 c6 6.Nf3 Be7 7.cxd5 exd5 8.Bd3 
O-O 9.O-O h6 10.Bh4 Ne8 11.Bg3 Nd6 12.Rc1 Nf6 13.h3 Nfe4 14.Nxe4 Nxe4 15.
Bf4 f5 16.Ne5 Qe8 17.f3 Nf6 18.Qc2 Nh5 19.Bh2 Bg5 20.f4 Bh4 21.g4 Ng3 22.
Bxg3 Bxg3 23.gxf5 Qh5 24.Qg2 Bxf5 25.Bxf5 Qxf5 26.Qxg3 Rf6 27.Kh2 Kh7 28.
Rg1 Rg8 29.Rcf1 a6 30.Qh4 Qe4 31.Qe1 Rc8 32.Rf2 Kh8 33.Rfg2 Rg8 34.Rg4 b6 
35.Qg3 Qc2+ 36.Rg2 Qh7 37.Ng6+ 1-0

[Event "10th EUR-ch (w)"]
[Site "Sankt Petersburg RUS"]
[Date "2009.03.14"]
[Round "7"]
[White "Khurtsidze, Nino"]
[Black "Pogonina, Natalia"]
[Result "1/2-1/2"]
[WhiteElo "2421"]
[BlackElo "2467"]
[EventDate "2009.03.08"]
[PlyCount "81"]

1.d4 Nf6 2.c4 e6 3.Nc3 Bb4 4.Qc2 O-O 5.Nf3 d6 6.Bg5 Nbd7 7.e3 h6 8.Bh4 b6 
9.Be2 Bb7 10.O-O-O Bxc3 11.Qxc3 Rc8 12.Kb1 c5 13.Ka1 cxd4 14.Qxd4 Rc6 15.
g4 e5 16.Qd2 Qc7 17.Rhg1 b5 18.cxb5 Rc5 19.Rc1 Rc8 20.Rxc5 Qxc5 21.g5 Ne4 
22.Qe1 h5 23.Nd2 Nxd2 24.Qxd2 g6 25.Rd1 Nb6 26.f4 Nc4 27.Bxc4 Qxc4 28.Bg3 
Bf3 29.Re1 Qxb5 30.fxe5 dxe5 31.Rc1 Rxc1+ 32.Qxc1 Qd5 33.b3 Qd1 34.Qxd1 
Bxd1 35.Bxe5 Kf8 36.Kb2 Ke7 37.Kc3 Kd7 38.Bb8 a6 39.Kd4 Kc6 40.Ke5 Bg4 41.
b4 1/2-1/2

[Event "10th EUR-ch (w)"]
[Site "Sankt Petersburg RUS"]
[Date "2009.03.14"]
[Round "7"]
[White "Foisor, Cristina"]
[Black "Melia, Salome"]
[Result "1/2-1/2"]
[WhiteElo "2412"]
[BlackElo "2422"]
[EventDate "2009.03.08"]
[PlyCount "22"]

1.Nf3 Nf6 2.c4 e6 3.g3 d5 4.Bg2 Be7 5.O-O O-O 6.d4 dxc4 7.a4 c5 8.Na3 Nc6 
9.dxc5 Bxc5 10.Nxc4 Qe7 11.Nfe5 Nxe5 1/2-1/2

[Event "10th EUR-ch (w)"]
[Site "Sankt Petersburg RUS"]
[Date "2009.03.14"]
[Round "7"]
[White "Kovanova, Baira"]
[Black "Romanko, Marina"]
[Result "1-0"]
[WhiteElo "2386"]
[BlackElo "2451"]
[EventDate "2009.03.08"]
[PlyCount "107"]

1.e4 c5 2.Nf3 d6 3.Bc4 e6 4.d3 Be7 5.O-O Nf6 6.Bb3 O-O 7.c3 b6 8.Re1 Bb7 
9.Nbd2 Nbd7 10.Nf1 b5 11.Bc2 a6 12.Ng3 Re8 13.h3 Bf8 14.d4 cxd4 15.cxd4 
Rc8 16.Bd3 e5 17.d5 Nc5 18.Bc2 h6 19.Nf5 Kh7 20.g4 g6 21.Ng3 Bg7 22.Be3 
Ng8 23.Kh2 Bf6 24.Qd2 a5 25.g5 hxg5 26.Nxg5+ Bxg5 27.Bxg5 f6 28.Be3 b4 29.
Rg1 Rc7 30.Qe2 Kh8 31.Qg4 g5 32.Bxc5 dxc5 33.Ba4 Rf8 34.d6 Qxd6 35.Rad1 
Qe7 36.Rd7 Rxd7 37.Bxd7 Nh6 38.Qh5 Qh7 39.Rd1 Bc8 40.Bxc8 Rxc8 41.Rd7 Qxd7
42.Qxh6+ Qh7 43.Qxf6+ Qg7 44.Qd6 c4 45.Nh5 Qf8 46.Qxe5+ Kh7 47.Nf6+ Kh6 
48.Qf5 Qh8 49.Ng4+ Kg7 50.Qf6+ Kg8 51.Qe6+ Kg7 52.Qe7+ Kg6 53.Ne5+ Kh5 54.
Qf7+ 1-0

[Event "10th EUR-ch (w)"]
[Site "Sankt Petersburg RUS"]
[Date "2009.03.14"]
[Round "7"]
[White "Ovod, Evgenia"]
[Black "Tomilova, Elena"]
[Result "1-0"]
[WhiteElo "2430"]
[BlackElo "2300"]
[EventDate "2009.03.08"]
[PlyCount "181"]

1.d4 Nf6 2.c4 g6 3.Nc3 Bg7 4.e4 d6 5.Nf3 O-O 6.Be2 c5 7.d5 e6 8.h3 Re8 9.
dxe6 Bxe6 10.Bf4 Qb6 11.Qd2 Nc6 12.O-O Rad8 13.Rfe1 Nd4 14.Ng5 Bd7 15.Bd3 
h6 16.Nf3 Nxf3+ 17.gxf3 g5 18.Be3 Bxh3 19.f4 Qc6 20.fxg5 Nxe4 21.Nxe4 Rxe4
22.Bxe4 Qxe4 23.f4 hxg5 24.Qd5 Qxd5 25.cxd5 gxf4 26.Bxf4 Bf6 27.Kh2 Bf5 
28.Re2 Kg7 29.Rg1+ Bg6 30.Rg3 Rd7 31.a4 b6 32.b3 Rd8 33.Rge3 Bh5 34.Rg2+ 
Bg6 35.Kg3 Bd4 36.Re1 a6 37.Kg4 b5 38.axb5 axb5 39.Ra2 c4 40.bxc4 bxc4 41.
Ra6 Bc5 42.Rc6 c3 43.Be5+ dxe5 44.Rxc5 f6 45.Rc7+ Bf7 46.Kf5 Rxd5 47.Rg1+ 
Kf8 48.Kxf6 Rd6+ 49.Kxe5 Re6+ 50.Kf5 Re3 51.Kf4 Rh3 52.Kg4 Re3 53.Rf1 Re7 
54.Rxc3 Ra7 55.Rc5 Rb7 56.Kf5 Ke7 57.Re1+ Kd6 58.Ra5 Bb3 59.Ra6+ Kc5 60.
Rc1+ Kb4 61.Rd6 Rb5+ 62.Ke4 Rb8 63.Kd4 Ka3 64.Rg1 Rb4+ 65.Kd3 Rb5 66.Ra6+ 
Kb4 67.Rg4+ Kc5 68.Kc3 Bd5 69.Rg5 Rb3+ 70.Kc2 Rb5 71.Rh5 Kd4 72.Ra4+ Kc5 
73.Ra3 Kd6 74.Rd3 Ra5 75.Kd2 Ra2+ 76.Ke3 Ra5 77.Rd4 Rc5 78.Kf4 Kc6 79.Rg5 
Rb5 80.Rg6+ Kc5 81.Ke5 Bc4 82.Rdd6 Ra5 83.Rb6 Bd5 84.Rb1 Bc4 85.Rg7 Kc6+ 
86.Kd4 Be6 87.Rg6 Rd5+ 88.Ke4 Rd6 89.Ke5 Kd7 90.Rg7+ Kc6 91.Rc1+ 1-0

[Event "10th EUR-ch (w)"]
[Site "Sankt Petersburg RUS"]
[Date "2009.03.14"]
[Round "7"]
[White "Malgina, Tatiana"]
[Black "Arakhamia-Grant, Ketevan"]
[Result "0-1"]
[WhiteElo "2342"]
[BlackElo "2500"]
[EventDate "2009.03.08"]
[PlyCount "92"]

1.d4 Nf6 2.c4 g6 3.Nc3 Bg7 4.e4 d6 5.Nf3 O-O 6.h3 Nbd7 7.Be3 e5 8.d5 Nc5 
9.Nd2 a5 10.Be2 Bd7 11.g4 c6 12.g5 Ne8 13.h4 Nc7 14.Nb3 b6 15.h5 a4 16.
Nxc5 bxc5 17.Kf1 Rb8 18.Rb1 cxd5 19.cxd5 Rb4 20.a3 Rd4 21.Qc2 f5 22.gxf6 
Qxf6 23.hxg6 hxg6 24.b4 cxb4 25.Rxb4 Rxb4 26.axb4 Rb8 27.Nxa4 Nb5 28.Nb6 
Be8 29.Kg2 Qd8 30.Bxb5 Bxb5 31.Rc1 Qh4 32.f3 Rf8 33.Qf2 Qe7 34.Nc4 Bf6 35.
Na3 Bh4 36.Qd2 Qf6 37.Qd1 Bg5 38.Rc3 Bxe3 39.Rxe3 Qg5+ 40.Kf2 Qh4+ 41.Kg2 
Bd7 42.Qh1 Qf4 43.Rd3 Bg4 44.Qd1 Kg7 45.Nc4 Rh8 46.Qg1 Rh3 0-1

[Event "10th EUR-ch (w)"]
[Site "Sankt Petersburg RUS"]
[Date "2009.03.14"]
[Round "7"]
[White "Pahtz, Elisabeth"]
[Black "Aginian, Nelly"]
[Result "1-0"]
[WhiteElo "2455"]
[BlackElo "2335"]
[EventDate "2009.03.08"]
[PlyCount "95"]

1.b3 Nf6 2.Bb2 e6 3.e3 d5 4.f4 c5 5.Nf3 Be7 6.g3 Nc6 7.Bg2 O-O 8.O-O d4 9.
Na3 dxe3 10.dxe3 Qxd1 11.Raxd1 Ng4 12.Rfe1 Bf6 13.c3 Rd8 14.Nd2 Bd7 15.h3 
Nh6 16.e4 g5 17.Nf3 g4 18.hxg4 Nxg4 19.Bh3 h5 20.Bxg4 hxg4 21.Nh2 Bg7 22.
e5 Ne7 23.Nc4 Nf5 24.Kf2 Nh6 25.Ne3 a5 26.Nhxg4 Nxg4+ 27.Nxg4 a4 28.Rd2 
Bc6 29.Rxd8+ Rxd8 30.Ke3 Kh7 31.c4 axb3 32.axb3 Kg6 33.Nf2 b5 34.Rd1 Rxd1 
35.Nxd1 bxc4 36.bxc4 Ba4 37.Nf2 Bb3 38.Kd3 Kf5 39.Bc1 Bf8 40.Be3 Ba2 41.
Kc3 f6 42.g4+ Kg6 43.exf6 Kxf6 44.Ne4+ Kf7 45.Bxc5 Bg7+ 46.Bd4 Bf8 47.Ng5+
Ke7 48.Bc5+ 1-0

[Event "10th EUR-ch (w)"]
[Site "Sankt Petersburg RUS"]
[Date "2009.03.14"]
[Round "7"]
[White "Paulet, Iozefina"]
[Black "Lomineishvili, Maia"]
[Result "0-1"]
[WhiteElo "2315"]
[BlackElo "2437"]
[EventDate "2009.03.08"]
[PlyCount "154"]

1.e4 c5 2.Nf3 Nc6 3.d4 cxd4 4.Nxd4 Nf6 5.Nc3 e5 6.Ndb5 d6 7.Bg5 a6 8.Na3 
Be7 9.Bxf6 Bxf6 10.Nc4 O-O 11.Qxd6 Nd4 12.O-O-O b5 13.Qxd8 Rxd8 14.Nb6 Rb8
15.Nxc8 Rdxc8 16.Bd3 b4 17.Ne2 b3 18.Nxd4 bxa2 19.Kd2 exd4 20.b3 Rc5 21.
Ra1 Bg5+ 22.Ke2 Ra5 23.Bc4 Bf6 24.Kd3 Be7 25.f4 Bc5 26.g4 Ra3 27.e5 Rd8 
28.f5 Kf8 29.e6 f6 30.Rhe1 Ke7 31.Re4 g5 32.fxg6 hxg6 33.h4 Rh8 34.h5 gxh5
35.gxh5 Rxh5 36.Rg4 Rh7 37.Ke4 Ra5 38.b4 Bxb4 39.Kxd4 f5 40.Rg2 Rh4+ 41.
Kd3 Rh3+ 42.Ke2 Re5+ 43.Kf1 Bc5 44.Rg7+ Kf6 45.Kg2 Rh4 46.Rf7+ Kg6 47.Bd3 
Rg4+ 48.Kh2 Bg1+ 49.Kh1 Bd4 50.Rxf5 Rxf5 51.Rxa2 Kf6 52.Bxf5 Kxf5 53.Rxa6 
Kf4 54.c3 Rg1+ 55.Kh2 Bc5 56.e7 Re1 57.Rf6+ Kg5 58.Rf3 Bxe7 59.Kg2 Bc5 60.
c4 Kg4 61.Rg3+ Kf4 62.Rf3+ Ke4 63.Rh3 Rg1+ 64.Kh2 Rg5 65.Kh1 Kf4 66.Kh2 
Bg1+ 67.Kh1 Bf2 68.c5 Bxc5 69.Kh2 Be3 70.Kh1 Rg8 71.Kh2 Ke4 72.Kh1 Kd3 73.
Rh7 Ke2 74.Rh2+ Bf2 75.Rh3 Kf1 76.Kh2 Rg2+ 77.Kh1 Bg3 0-1

[Event "10th EUR-ch (w)"]
[Site "Sankt Petersburg RUS"]
[Date "2009.03.14"]
[Round "7"]
[White "Peptan, Corina-Isabela"]
[Black "Severiukhina, Zoya"]
[Result "0-1"]
[WhiteElo "2401"]
[BlackElo "2327"]
[EventDate "2009.03.08"]
[PlyCount "116"]

1.e4 e6 2.d4 d5 3.Nd2 Nf6 4.e5 Nfd7 5.Bd3 c5 6.c3 Nc6 7.Ne2 Qb6 8.Nf3 f6 
9.exf6 Nxf6 10.O-O Bd6 11.Be3 O-O 12.dxc5 Bxc5 13.Bxc5 Qxc5 14.Ned4 Bd7 
15.Re1 Rae8 16.Qd2 g6 17.Rad1 a5 18.Nxc6 Bxc6 19.Qg5 Kg7 20.Nd4 Bd7 21.Re3
Qb6 22.b3 Qc7 23.Rde1 e5 24.Rxe5 Ne4 25.Re7+ Rxe7 26.Qxe7+ Rf7 27.Ne6+ 
Bxe6 28.Qxe6 Qxc3 29.Rxe4 dxe4 30.Qxe4 Qc5 31.Qh4 Rd7 32.Bf1 Rd1 33.h3 Qe5
34.Qc4 b5 35.Qh4 Rd4 36.g4 g5 37.Qh5 Rd2 38.h4 Qf4 39.Qxg5+ Qxg5 40.hxg5 
b4 41.Bc4 Kg6 42.Kg2 Kxg5 43.Kg3 h6 44.f4+ Kf6 45.Kf3 Rxa2 46.Ke3 Rg2 47.
Kf3 Rc2 48.Bd5 Rc5 49.Bg8 a4 50.bxa4 b3 51.Ke3 b2 52.Bh7 Rc1 53.Kd4 Kg7 
54.Be4 b1=Q 55.Bxb1 Rxb1 56.Kc5 Rg1 57.g5 h5 58.a5 h4 0-1

[Event "10th EUR-ch (w)"]
[Site "Sankt Petersburg RUS"]
[Date "2009.03.14"]
[Round "7"]
[White "Gaponenko, Inna"]
[Black "Botsari, Anna-Maria"]
[Result "1-0"]
[WhiteElo "2450"]
[BlackElo "2289"]
[EventDate "2009.03.08"]
[PlyCount "127"]

1.e4 e5 2.Nf3 Nc6 3.Bb5 Nf6 4.O-O Nxe4 5.d4 Nd6 6.Bxc6 dxc6 7.dxe5 Nf5 8.
Qxd8+ Kxd8 9.Nc3 h6 10.h3 b6 11.Rd1+ Ke8 12.g4 Ne7 13.Nd4 a6 14.f3 c5 15.
Nde2 Bb7 16.Kf2 g5 17.Ng3 Bg7 18.Re1 Ng6 19.Nh5 Kf8 20.f4 gxf4 21.Bxf4 
Nxf4 22.Nxf4 Re8 23.e6 Bf6 24.Kg3 Bg5 25.exf7 Kxf7 26.Ncd5 Rxe1 27.Rxe1 
Bxf4+ 28.Nxf4 Rd8 29.Nd3 Rd4 30.Rf1+ Kg7 31.Nf4 Rd2 32.Nh5+ Kg8 33.Rf2 
Rxf2 34.Kxf2 Kf7 35.Ke3 Kg6 36.Kf4 Bg2 37.h4 Bd5 38.a3 Ba2 39.Ng3 Bb1 40.
c3 Kf6 41.h5 Kg7 42.Nf5+ Kh7 43.Ne3 Ba2 44.Ke5 Kg7 45.Nf5+ Kh7 46.Kf6 Bd5 
47.Nh4 a5 48.Ke5 Bh1 49.Ng6 Bf3 50.Kf4 Bd5 51.Kf5 Kg7 52.Nf4 Bc4 53.Ne6+ 
Kf7 54.Nxc7 a4 55.g5 hxg5 56.Kxg5 Bd3 57.Nd5 b5 58.Nc7 Ke7 59.h6 b4 60.
cxb4 cxb4 61.axb4 Kd6 62.Nb5+ Kd5 63.Nc3+ Kc4 64.b5 1-0

[Event "10th EUR-ch (w)"]
[Site "Sankt Petersburg RUS"]
[Date "2009.03.14"]
[Round "7"]
[White "Gvetadze, Sopio"]
[Black "Guramishvili, Sopiko"]
[Result "0-1"]
[WhiteElo "2377"]
[BlackElo "2281"]
[EventDate "2009.03.08"]
[PlyCount "98"]

1.e4 c5 2.Nf3 d6 3.d4 cxd4 4.Nxd4 Nf6 5.Nc3 a6 6.Bc4 e6 7.Bb3 Nbd7 8.f4 
Nc5 9.e5 dxe5 10.fxe5 Nfd7 11.Qh5 g6 12.Qh3 Nxe5 13.Be3 Bg7 14.O-O-O Ned3+
15.cxd3 Bxd4 16.Bh6 Nxb3+ 17.axb3 Qc7 18.Kb1 Qb6 19.Ne4 f5 20.Nd2 Bf6 21.
Rc1 a5 22.Rc2 a4 23.bxa4 Qb4 24.Qe3 Bd7 25.Nc4 Qxa4 26.Na3 Qb3 27.Kc1 Kf7 
28.d4 Qd5 29.Rd1 Rhc8 30.Rd2 Ba4 31.Rc5 b6 32.Rxc8 Rxc8+ 33.Kb1 b5 34.Bg5 
Bxg5 35.Qxg5 b4 36.Qh4 bxa3 37.Qxh7+ Kf6 38.Qh4+ Kg7 39.Qe7+ Kg8 40.Qxa3 
Qe4+ 41.Ka2 Bc6 42.Qg3 f4 43.Qg5 Ra8+ 44.Kb3 Qe3+ 45.Kc4 Bd5+ 46.Kc5 Kf7 
47.Rd1 Bb3 48.Kd6 Ra6+ 49.Kd7 Ra7+ 0-1

[Event "10th EUR-ch (w)"]
[Site "Sankt Petersburg RUS"]
[Date "2009.03.14"]
[Round "7"]
[White "Ilyushina, Olga"]
[Black "Cherednichenko, Svetlana"]
[Result "1/2-1/2"]
[WhiteElo "2269"]
[BlackElo "2367"]
[EventDate "2009.03.08"]
[PlyCount "143"]

1.d4 Nf6 2.c4 g6 3.Nf3 Bg7 4.Nc3 O-O 5.Bf4 d6 6.h3 Nbd7 7.e3 b6 8.Be2 Bb7 
9.O-O Ne4 10.Nxe4 Bxe4 11.Rc1 e5 12.Bh2 Qe7 13.Qd2 f5 14.b4 g5 15.c5 g4 
16.cxd6 cxd6 17.hxg4 fxg4 18.Ne1 h5 19.Rc7 Qd8 20.Rc1 d5 21.Bd3 h4 22.Bxe4
dxe4 23.Nc2 Kh8 24.dxe5 Nxe5 25.Qxd8 Rfxd8 26.Nd4 Nd3 27.Rc6 g3 28.fxg3 
Rxd4 29.exd4 Bxd4+ 30.Kh1 Nf2+ 31.Rxf2 Bxf2 32.gxh4 e3 33.Re6 Kg8 34.Bf4 
Kf7 35.Re4 Re8 36.Be5 Bg3 37.Rxe3 Bxe5 38.g4 Bd6 39.Rf3+ Kg6 40.a3 Re1+ 
41.Kg2 Re2+ 42.Kf1 Rd2 43.Rf5 Rd3 44.h5+ Kg7 45.g5 Rxa3 46.h6+ Kg8 47.b5 
Rg3 48.Kf2 Rg4 49.Kf3 Rg1 50.Kf2 Rg4 51.Kf3 Rg3+ 52.Kf2 Rh3 53.Kg2 Rd3 54.
Rf6 Rg3+ 55.Kf2 Rxg5 56.Rxd6 Rxb5 57.Rd8+ Kh7 58.Rd7+ Kxh6 59.Rxa7 Re5 60.
Ra3 Kg5 61.Re3 Rd5 62.Ke2 Kf4 63.Rd3 Rc5 64.Rb3 b5 65.Kd3 Ke5 66.Rc3 Rd5+ 
67.Kc2 Kd6 68.Rd3 Rxd3 69.Kxd3 Kc5 70.Kc3 b4+ 71.Kb3 Kb5 72.Kb2 1/2-1/2

[Event "10th EUR-ch (w)"]
[Site "Sankt Petersburg RUS"]
[Date "2009.03.14"]
[Round "7"]
[White "Zayats, Elena"]
[Black "Cherenkova, Kristina"]
[Result "1/2-1/2"]
[WhiteElo "2364"]
[BlackElo "2270"]
[EventDate "2009.03.08"]
[PlyCount "108"]

1.d4 Nf6 2.g3 g6 3.Bg2 Bg7 4.e4 d6 5.Nc3 c6 6.h3 O-O 7.Nf3 Qc7 8.O-O Nbd7 
9.Be3 e5 10.Re1 b5 11.a3 Bb7 12.Nh2 a5 13.d5 b4 14.dxc6 Bxc6 15.Nd5 Nxd5 
16.exd5 Bb7 17.axb4 axb4 18.Qd2 Nf6 19.Ng4 Nxg4 20.hxg4 Qc4 21.Ba7 f5 22.
Ra4 e4 23.Rd1 Qc7 24.gxf5 gxf5 25.b3 Bc3 26.Qg5+ Qg7 27.Qxg7+ Kxg7 28.f3 
exf3 29.Bxf3 Kg6 30.Kg2 Rfc8 31.Bb6 Be5 32.Rd2 Ra6 33.Rxa6 Bxa6 34.Be2 
Bxe2 35.Rxe2 Kf6 36.Bf2 Rb8 37.Be1 Rb5 38.Kf3 h5 39.Bd2 Rxd5 40.Bxb4 Rd1 
41.Re1 Rd4 42.Bc3 Rg4 43.Bxe5+ dxe5 44.Rh1 Kg5 45.c3 f4 46.gxf4+ exf4 47.
Kf2 Rg3 48.Rc1 h4 49.b4 h3 50.b5 h2 51.Rh1 Rxc3 52.Rxh2 Rb3 53.Rh8 Rxb5 
54.Rg8+ Kf5 1/2-1/2